书目信息 |
| 题名: |
数学实验教程
|
|
| 作者: | 潘建瑜 , 戴浩晖 , 万福永 编著 | |
| 分册: | ||
| 出版信息: | 北京 科学出版社 2006 |
|
| 页数: | 228页 | |
| 开本: | 24cm | |
| 丛书名: | ||
| 单 册: | ||
| 中图分类: | O13-33 , O614.33 | |
| 科图分类: | ||
| 主题词: | 高等数学--实验--高等学校--教材 , 无机化学 | |
| 电子资源: | ||
| ISBN: | 7-03-017654-5 | |
| 000 | 01097nam0 2200313 450 | |
| 001 | 1638867705 | |
| 005 | 20161107105111.58 | |
| 010 | @a7-03-017654-5@dCNY27.00 | |
| 090 | @aO13@bwfy | |
| 096 | @aO245@bwfy | |
| 100 | @a20060426d2006 em y0chiy50 ea | |
| 101 | 0 | @achi |
| 102 | @aCN@b110000 | |
| 105 | @ay z 000yy | |
| 106 | @ar | |
| 200 | 1 | @a数学实验教程@b专著@eMatlab版@f万福永,戴浩晖,潘建瑜编著@Ashu xue shi yan jiao cheng |
| 210 | @a北京@c科学出版社@d2006 | |
| 215 | @a228页@d24cm | |
| 300 | @a国家理科基地教材 数学核心教程系列/柴俊主编 普通高等教育“十一五”国家级规划教材 数学专业50学时课程 | |
| 330 | @a本书分为软件篇、实验篇和附录篇三个部分,系统全面地介绍了几个数学软件及其在数学实验中的应用。 | |
| 606 | 0 | @a高等数学@x实验@x高等学校@j教材 |
| 606 | 0 | @a无机化学 |
| 690 | @aO13-33@v4 | |
| 690 | @aO614.33@v4 | |
| 701 | 0 | @a潘建瑜@4编著@Apan jian yu |
| 701 | 0 | @a戴浩晖@c(高等数学)@4编著@Adai hao hui |
| 701 | 0 | @a万福永@c(高等数学)@4编著@Awan fu yong |
| 801 | 0 | @aCN@b大连网信软件有限公司图书馆·11@c20161107 |
| 905 | @aZUCC@dO614.33@e17 | |
| 数学实验教程:Matlab版/万福永,戴浩晖,潘建瑜编著.-北京:科学出版社,2006 |
| 228页;24cm |
| 国家理科基地教材 数学核心教程系列/柴俊主编 普通高等教育“十一五”国家级规划教材 数学专业50学时课程 |
| ISBN 7-03-017654-5:CNY27.00 |
| 本书分为软件篇、实验篇和附录篇三个部分,系统全面地介绍了几个数学软件及其在数学实验中的应用。 |
| ● |
| 相关链接 |
|
|
|
|
正题名:数学实验教程
索取号:O614.33/17
 
预约/预借
| 序号 | 登录号 | 条形码 | 馆藏地/架位号 | 状态 | 备注 |
| 1 | 0901080 | 209010808 | 第二样本阅览室/ [索取号:O614.33/17] | 在馆 | |
| 2 | 0901081 | 209010817 | 数信系资料室/ [索取号:O614.33/17] | 在馆 | |
| 3 | 0901082 | 209010826 | 第三借阅区/ [索取号:O614.33/17] | 在馆 | |
| 4 | 0901083 | 209010835 | 第三借阅区/ [索取号:O614.33/17] | 在馆 |